000 01137nam a2200241Ii 4500
003 JO-AjNU
005 20240626133627.0
008 230605s9999||||xx |||||||||||||| ||und||
040 _aJO-AjNU
_bara
_erda
_cJO-AjNU
041 _aara
050 1 4 _aJX4270.j6 2021
100 1 _aبني عايش، شادي تيسير احمد
_eمعد
_965699
245 0 _aالحقوق السياسية لمزدوجي الجنسية في الدستور والتشريع الأردني = Political Rights of Dual Nationals in Jordanian Constitution and Legislation /
_cاعداد شادي تيسير احمد بني عايش؛ اشراف محمد بني مقداد
264 3 1 _a 2021
300 _a80 ورقة
336 _atext
_btxt
_2rdacontent
337 _aunmediated
_bn
_2rdamedia
338 _avolume
_bnc
_2rdacarrier
500 _aرسالة جامعية(اطروحة ماجستير) جامعة عجلون الوطنية: كلية الحقوق، تخصص القانون، 2021
650 4 _aالجنسية المزدوجة-التشريع الاردني
_961233
700 1 _aبني مقداد، محمد
_eمشرف
_965700
942 _2lcc
_cTHS
999 _c31231
_d31231